000 00923cam a22002771 4500
001 17181
003 BD-RjUL
005 20211209000112.0
008 140216t19561959xx 001 0 eng
035 _a(BD-RjUL)17238
035 _a(OCoLC)1489657
040 _aDLC
_cFM
_dBD-RjUL
_beng
041 _aeng
082 0 0 _a841.5082
_bEXP 1956
245 1 0 _aExplorations :
_cThomas Clark Pollock ... [et. al.].
_breading, thinking, discussion, writing /
260 _aEnglewood Cliffs, N.J. :
_bPrentice-Hall,
_cc1956.[1959]
300 _axv, 760 p. :
_billus. ;
_c24 cm.
490 0 _aPrentice-Hall English composition and introduction to literature series
500 _aIncludes index.
650 0 _aAmerican essays
_y20th century.
_952988
650 0 _aEnglish essays
_y20th century.
_952989
700 1 _aPollock, Thomas Clark,
_d1902-1988.
_9236090
942 _2ddc
_cBK
999 _c17181
_d17181